MDQL
is popping MORE tags! Check the
thread
!
Quizzes
Events
Quiz Creation
Community
Videos
Private Events
Remove Ads
Sign In
Join for FREE
Feedback
Dark Mode
Quiz Categories
Sports
Geography
Music
Movies
Television
Just For Fun
Miscellaneous
History
Literature
Language
Science
Gaming
Entertainment
Religion
Holiday
For Kids
Quiz Lab
Recent
Popular Today
Quiz Kudos Today
Editor Picks
Curator Picks
Quizzes by...
Day
Popularity
Type
Ratings
Length
Year
Community
Subscriptions
Recent Discussions
Orange Saloon
Badges
Playlists
Quests
Create
Leaderboards
Showdown
Live 5
Trivia Bingo
Activity
Puzzle Library
Sporcle Events
Private Events
Virtual Trivia
Globe League
Become a Host
Pub Owners
SporcleCon
Opinionation
Our Games
Videos
Blog
Mobile Apps
Partnerships
Remove Ads and Go Orange
Feedback
Language
Vocabulary
Begins and Ends
Definition
Spanish
French
German
Italian
Chinese
Latin
Translation
Japanese
Language
Vocabulary
Begins and Ends
Definition
Spanish
French
German
Italian
Chinese
Latin
Translation
Japanese
Random Quiz
Search Sporcle
×
Quiz Lab
Quiz Lab
Language
French
Type in answers that appear in a list
Type in answers that appear in a list
Classic
Best Score? Go Orange.
French Vocab 'Le Travail' Stats
Can you name the French translations for work?
By
Gekkeiju
10m
65 Questions
29 Plays
29 Plays
29 Plays
Comments
Comments
Give Quiz Kudos
Give Quiz Kudos
-
- Ratings
hide this ad
Replay
Link that replays current quiz
Next Quiz
Link to next quiz in quiz playlist
You Got
0%
They Got
Avg Score
13%
Avg Friend Score
Upgrade to see
Score Distribution
Jump to the score distribution portion of the page
Score
0/65
Timer
10:00
0
Plays Today
English
French
% Correct
A job
un travail
93.1%
CV
un CV
37.9%
Salary
un salaire
37.9%
Contract
un contrat
34.5%
Employee
un employé
27.6%
Boss
un patron
27.6%
To be unemployed
etre au chomage
24.1%
Employer
un employeur
24.1%
Company
une enterprise
24.1%
To take on/
hire/
recruit
embaucher
24.1%
To make redundant
licencier
24.1%
Diploma
un diplome
24.1%
Work (slang)
le boulot
20.7%
Unemployed person
un chomeur
20.7%
To earn one's living
gagner sa vie
20.7%
The working week
la semaine de travail
20.7%
Working hours
les horaires de travail
20.7%
Trade union
un syndicat
20.7%
Permanent contract
un CDI
17.2%
Fixed-
term contract
un CDD
17.2%
To fire
renvoyer
17.2%
Redundancy
le licenciement
17.2%
To resign/
hand in notice
démissionner
17.2%
To have an interview
passer un entretien
17.2%
To work outdoors
travailler en plein air
17.2%
Company/
firm (slang)
une boite
13.8%
To look for a job
chercher du travail
13.8%
The working day
la journée de travail
13.8%
Minimum wage
le SMIC
13.8%
To work part-
time
travailler a mi-temps
13.8%
To work full time
travailler a plein temps
13.8%
Worker
un ouvrier
10.3%
Covering letter
une lettre de motivation
10.3%
English
French
% Correct
Training
la formation
10.3%
To retire
prendre la retraite
10.3%
Fixed hours
les heures fixes
10.3%
Flexible hours
les heures souples
10.3%
Overtime
les heures supplémentaires
10.3%
Tip
un pourboire
10.3%
Workplace
le lieu de travail
10.3%
Opening (A job vacancy)
un debouche
6.9%
To be retired
etre a la retraite
6.9%
Regular working hours
des heures régulieres
6.9%
Day off
un congé
6.9%
Starting salary
le salaire de départ
6.9%
To work in an office
travailler dans un bureau
6.9%
To work as a team
travailler en équipe
6.9%
To recieve unemployment benefit
toucher les allocations de chomage
3.4%
The workforce
la main d'oeuvre
3.4%
To apply
postuler sa candidature
3.4%
To be on strike
faire la greve
3.4%
To get a salary
toucher un salaire
3.4%
To work in a factory
travailler dans une usine
3.4%
Job centre
l'A.N.P.E
0%
Skilled worker
un ouvrier qualifié
0%
To get a job
décrocher un boulot
0%
Early retirement
la retraite anticipée
0%
Bonus
une prime
0%
Wage
un traitement
0%
Wage slip
un bulletin de paye
0%
Rise
une augmentation
0%
The black economy
le travail au noir
0%
Job security
la sécurité de l'emploi
0%
Job satisfaction
la satisfaction dans le travail
0%
Working environment
un cadre de travail
0%
Quiz Playlist
Details
Report
Send in Message
Add To Playlist
Classic:
Type in answers that appear in a list
Last Updated: Feb 16, 2017
Quiz Scoreboard
CHALLENGE
Sign Up to Join the Scoreboard
Show All
Scores
Hide
Comments
May contain spoilers
Recently Published
1-10 Letter E Words III
by El_Dandy
Language
2m
Street Fighter Characters
by Artimus82
Gaming
60s
College Basketball Coaching Resumes
by pancakes188
Sports
9m
More to Explore
Quiz From the Vault
Featured Blog Post
Where Did the Easter Bunny Come From?
hide this ad
You Might Also Like...
Tags
French Quiz
English
Today's Top Quizzes in Language
Browse Language
hide this ad
Today's Top Quizzes in French
Browse French
Top Contributed Quizzes in Language
1
1-10 Letter F Words III
2
1-10 Letter G Words III
3
1-10 Letter H Words III
4
Celtic Nations in their Language
5
Alphabetize! : 'As' words
6
1-10 Letter I Words III
7
One Thing in Common: Italy
8
1-10 Letter J Words III
9
Order Up: Top 10 Most Native Spoken Languages
10
Weisst du, aus welchen Sprachen diese Wörter stammen?
Explore More
Trending Topics
Harry Potter
Marvel
Disney
NBA
Kpop
Crossword
Anime
The Office
Soccer
NFL
Puzzle
Country
WWE
Pokémon
Song
hide this ad
More By:
Gekkeiju
Quiz
Plays
Rating
Category
Featured
Created
French Vocal 'Les Vacances'
53
2.00
Language
Apr 27, 2012
French Vocab 'Les Métiers'
44
Language
Apr 29, 2012
French Vocab 'Le Travail'
29
Language
May 27, 2012
French Vocab 'Le Tourisme'
8
Language
Apr 26, 2012
Go to Creator's Profile
Score Distribution
Quiz Creator Spotlight
Gekkeiju
Follow
Send a Message
Quizzes Created
-
Created Quiz Play Count
-
More By This Creator
Popular Quizzes Today
1
Find the US States - No Outlines Minefield
2
Find the Countries of Europe - No Outlines Minefield
3
The Countries of the World
4
Find the US States
5
Risky Map Clicking: Biggest States A-Z
6
US States
7
Popular People in 1961
8
Movies - When Are They Set?
More Language Quizzes
1-10 Letter C Words II
Published
Trending Quizzes
Risky Map Clicking: Least Populous States A-Z
Billboard Blitz: Aretha Franklin
1-10 Letter G Words
Countries of the World: 200 Million BC
1-10 Letter F Words
Recently Updated
Leaping Animals
pecheneg
Reality TV Shows (A-Z)
bhenderson79
Rickey Henderson's Hall of Fame Teammates
pecheneg
Champions League XIs: Arsenal
pecheneg
Quick Pick: Celebrities in WWE's Hall of Fame
aduchscher
A-Z Keypad Blitz II
pecheneg
Multiple Oscar Actors
pecheneg
Mystery Phrase Blitz: Oscar 'Best Actors'
pecheneg
F. Scott Fitzgerald Novels
LTH
Pick 3 Villains
ddd62291
Trending Topics
Disney
Kpop
NBA
Marvel
Anime
Harry Potter
Crossword
NFL
The Office
Pokémon
WWE
Song
Soccer
Puzzle
Country
Your Account Isn't Verified!
In order to create a playlist on Sporcle, you need to verify the email address you used during registration. Go to your
Sporcle Settings
to finish the process.
Report this User
Report this user for behavior that violates our
Community Guidelines
.
Details:
Send Report
Go to the Sporcle.com Mobile Site →
Comments